00649cam a22002051 4500001001300000003000400013005001700017008004100034010001700075035002000092040001800112042001200130050001800142100003000160245011400190260005400304300001800358502004500376650002200421ca 12000612 DLC20260227111058.0890121s1911 pau 000 0 eng  aca 12000612  a(OCoLC)19047986 aDLCcRPBdDLC apremarc00aQD341.H9bK941 aKyriakides, Lucas Petrou.02aA contribution to the study of the relation between color and constitution in the triphenylmethane series ... aEaston, Pa.,bEschenbach Printing Company,c1911. a29 p.c25 cm. aThesis (SC. D.)--University of Michigan. 0aTriphenylmethane.